Представление документа в формате RUSMARC

ПолеНазваниеЗначение
  Тип записи a
  Библиографический уровень m
001 Контрольный номер RU/SLIB/B/208718259
005 Дата корректировки 20201206203936.1
010 Индекс ISBN __
d Цена 0-95
101 Язык документа __
a Язык текста rus
200 Заглавие и сведения об ответственности 0_
a Заглавие Край озерный
b Общее обозначение материала Текст
205 Сведения об издании __
a Основные сведения об издании 2-е изд., перераб. и доп.
210 Выходные данные __
a Место издания Минск
c Издательство Ураджай
d Дата издания 1978
215 Физическое описание __
a Объем 160 с.
c Иллюстрации/тип воспроизводства ил.
606 Тематические рубрики __
a Основная рубрика Гидрология суши
606 Тематические рубрики __
y Географическая подрубрика Белоруссия; Россия; СССР
610 Ключевые слова __
a Ключевые слова вода; озера
686 Индексы других классификаций __
a Классификационный индекс 26.222.6
700 Автор _1
a Фамилия Якушко
b Имя О. Ф.
4 Код отношения 070
801 Источник записи _0
a Страна RU
b Организация Муниципальное бюджетное учреждение культуры "Централизованная библиотечная система" г. Сургут (Центральная городская библиотека им. А. С. Пушкина)
g Правила каталогизации К/Кундохова В.С.
801 Источник записи _1
a Страна RU
b Организация Муниципальное бюджетное учреждение культуры "Централизованная библиотечная система" г. Сургут (Центральная городская библиотека им. А. С. Пушкина)
g Правила каталогизации К/Кундохова В.С.
852 Данные о местонахождении __
j Шифр хранения 26.222.6
c Каталожный индекс 26.222.6
i Авторский знак Я 49
p Инвентарный номер 111684(с)
901 Тип документа __
t Тип документа m
990 Данные о заказе (DOS) __
j Количество экземпляров (DOS) 1